Quiz sur l'Algérie - Statistiques

Statistiques générales
  • Ce quiz a été pris 1 846 fois
  • Le résultat moyen est 11 sur 15
Statistiques - réponses
Question Réponse % Correct
capitale du pays alger
95%
Principal produit d'exportation petrole
93%
date de l'indépendance 5 juillet 1962
88%
l'Algérie est le plus grand pays du monde 10 ème
84%
plat national couscous
83%
Quel empire a contrôlé les côtes algériennes de 1515 à 1830 ? ottoman
82%
En quelle année l'Algérie remporte sa dernière CAN? 2019
81%
langue.s officielle.s du pays arabe et berbère
78%
pays frontaliers Tunisie,Maroc,Sahara occidental,Mali,Mauritanie,Niger,Libye
74%
Devise monétaire dinar algerien
72%
Combien d'années la France a elle colonisé l'Algérie? 132 ans
57%
Quel est le site patrimonial mondial de la willaya d'Alger? Casbah
56%
quel est sa superficie? 2,382 millions km²
47%
combien y a-t-il de wilaya ? 48
46%
L'Algérie est la puissance mondiale. 31
31%
Aucun quiz correspondant
Distribution des résultats
% des personnes avec chaque résultat
Percentile par nombre de réponses
Votre historique - résultats
Vous n’avez pas pris ce quiz